| 000 | 00000nam 2200000zi 4500 |
| 001 | 9.936188 |
| 003 | CaOODSP |
| 005 | 20240402130146 |
| 006 | m o d f |
| 007 | cr mn||||||||| |
| 008 | 240402s1999 quca ob f000 0 fre d |
| 040 | |aCaOODSP|bfre|erda|cCaOODSP |
| 043 | |an-cn-qu |
| 045 | |ax9x9 |
| 086 | 1 |aEn153-115/99-04F-PDF |
| 100 | 1 |aMainville, Serge, |eauteur. |
| 245 | 10|aÉtude d'un derecho sur le sud du Québec : |b4 et 5 juillet 1999 / |cpar Serge Mainville, Environnement Canada, BSME, Montréal. |
| 264 | 1|a[Montréal] : |b[Environnement Canada, Région du Québec], |c[1999] |
| 300 | |a1 ressource en ligne (27 pages) : |billustrations (certaines en colour). |
| 336 | |atexte|btxt|2rdacontent/fre |
| 337 | |ainformatique|bc|2rdamedia/fre |
| 338 | |aressource en ligne|bcr|2rdacarrier/fre |
| 490 | 1 |aNote technique, région du Québec ; |v99N-04 |
| 500 | |aPublié aussi en anglais sous le titre : The derecho of 4-5 July 1999 in southern Quebec . |
| 504 | |aComprend des références bibliographiques (page 20). |
| 650 | 6|aViolentes tempêtes|zQuébec (Province) |
| 650 | 6|aServices météorologiques|zQuébec (Province) |
| 710 | 1 |aCanada. |bEnvironnement Canada. |bRégion du Québec, |eorganisme de publication. |
| 775 | 08|tThe derecho of 4-5 July 1999 in southern Quebec / |w(CaOODSP)9.927208 |
| 830 | #0|aNote technique, région du Québec ;|v99N-04.|w(CaOODSP)9.913214 |
| 856 | 40|qPDF|s1.59 Mo|uhttps://publications.gc.ca/collections/collection_2024/eccc/en153/En153-115-99-04-fra.pdf |